2024 Yankees Opening Day Starting Line-up - Statistics

General Stats
  • This quiz has been taken 60 times
  • The average score is 9 of 9
Answer Stats
Hint Answer % Correct
CF Aaron Judge
100%
DH Giancarlo Stanton
100%
2B Gleyber Torres
98%
1B Anthony Rizzo
96%
SS Anthony Volpe
96%
LF Alex Verdugo
95%
RF Juan Soto
95%
C Jose Trevino
91%
3B Oswaldo Cabrera
87%
No matching quizzes found
Score Distribution
Percent of People with Each Score
Percentile by Number Answered
Your Score History
You have not taken this quiz